Engineering economy : applying theory to practice /

Đã lưu trong:
书目详细资料
主要作者: Eschenbach, Ted.
格式: 图书
语言:English
出版: Chicago : Irwin, 1995.
主题:
标签: 添加标签
没有标签, 成为第一个标记此记录!
Thư viện lưu trữ: Mạng thư viện Đại học Đà Nẵng
LEADER 00778cam a2200313 i 4500
001 000046170
003 5623
005 20030217093258.0
008 010220|1995 vm 000 eng
020 |a 0256114412 
040 |a IRC  |c IRC  |d IRC 
041 0 |a eng 
082 1 4 |a 658.15  |b ES-T 
100 1 |a Eschenbach, Ted. 
245 0 0 |a Engineering economy :  |b applying theory to practice /  |c Ted Eschenbach. 
260 |a Chicago :  |b Irwin,  |c 1995. 
300 |a xxvi, 594p. :  |b ill. 
630 0 4 |a Economy. 
650 0 4 |a Engineering economy. 
OWN |a DUT 
999 |a From the UDN01 
TYP |a Monograph 
TYP |a Printed language 
980 |a Mạng thư viện Đại học Đà Nẵng